000 01357pam a2200349 a 4500
001 2086437
003 OSt
005 20160624180254.0
008 950524s1995 nyua b 001 0 eng c
010 _a 95009589
020 _a0824793390 (acid-free paper)
040 _aDNLM/DLC
_cDLC
_dDLC
050 0 0 _aRB40
_b.H325 1995
060 1 0 _aQY 16 H313s 1995
082 0 0 _aQY 58
_bH24s 1995
100 1 _aHarris, Eugene K.,
_99587
245 1 0 _aStatistical bases of reference values in laboratory medicine /
_cEugene K. Harris, James C. Boyd.
260 _aNew York :
_bM. Dekker,
_c1995.
300 _axiv, 361 p. :
_bill. ;
_c24 cm.
490 1 _aStatistics, textbooks and monographs ;
_v146
504 _aIncludes bibliographical references (p. 325-352) and index.
650 0 _aReference values (Medicine)
_99588
650 1 2 _aReference Values.
_99589
650 1 2 _aDiagnosis, Laboratory.
_9904
650 2 2 _aData Interpretation, Statistical.
_99590
700 1 _aBoyd, James C.,
_99591
830 0 _aStatistics, textbooks and monographs ;
_vv.146.
_99592
856 4 2 _3Publisher description
_uhttp://www.loc.gov/catdir/enhancements/fy0647/95009589-d.html
906 _a7
_bcbc
_corignew
_d1
_eocip
_f19
_gy-gencatlg
942 _2z
_cO_SHELF
999 _c4466
_d4466